000 00543npc a2200205Ia 4500
001 dg66-31002
003 IT-MiCISF
008 161014s9999||||xx | und||
040 _aIT-MiCISF
_cIT-MiCISF
041 _ait
100 _aLiverani Pier Giorgio
245 0 _aEssere o non essere telegenitori?
250 _a1a ed.
260 _aBologna
_bDehoniane
_c2000
300 _app. 63
500 _a / massmedia, televisione, famiglia, educazione-familiare /
650 _amass-media
942 _cDD
957 _71
999 _a31002
_bsi
_g1
_c207280
_d207280